BSAVA manual of Rabbit medicine and surgery/ (Record no. 2806)
[ view plain ]
| 000 -LEADER | |
|---|---|
| fixed length control field | 01391cas a2200229 4500 |
| 003 - CONTROL NUMBER IDENTIFIER | |
| control field | OSt |
| 005 - DATE AND TIME OF LATEST TRANSACTION | |
| control field | 20260331165803.0 |
| 008 - FIXED-LENGTH DATA ELEMENTS--GENERAL INFORMATION | |
| fixed length control field | 170323n eng u |
| 020 ## - INTERNATIONAL STANDARD BOOK NUMBER | |
| International Standard Book Number | 10090521496X |
| 035 ## - SYSTEM CONTROL NUMBER | |
| System control number | (Sirsi) a201986 |
| 040 ## - CATALOGING SOURCE | |
| Transcribing agency | LC |
| Modifying agency | UNZA |
| Description conventions | RDA |
| 050 ## - LIBRARY OF CONGRESS CALL NUMBER | |
| Classification number | SF 911 |
| Item number | BSA 2006 |
| 245 ## - TITLE STATEMENT | |
| Title | BSAVA manual of Rabbit medicine and surgery/ |
| Statement of responsibility, etc. | edited by Anna Meredith MA VetMB CertLAS DZooMed MRCVS Royal (Dick) School of Veterinary Susues, The University of Edinburg Hospital f0r small Animals, EasternBush Veterniary Center, Roslin, Midhothian EH25 9RG, Paul Flecknell, MA VetMB PhD DLAS DipECLAM DipECVA MRCVS, Comperative Biology Center, University of Newcastle Medical School, Framlington Place, Newcastle NE2 4HH |
| 250 ## - EDITION STATEMENT | |
| Edition statement | 2nd ed. |
| 260 ## - PUBLICATION, DISTRIBUTION, ETC. | |
| Place of publication, distribution, etc. | Quedgeley: |
| Name of publisher, distributor, etc. | BSAVA, |
| Date of publication, distribution, etc. | 2006 |
| 300 ## - PHYSICAL DESCRIPTION | |
| Extent | viii, 213p: |
| Other physical details | ill. |
| 504 ## - BIBLIOGRAPHY, ETC. NOTE | |
| Bibliography, etc. note | Includes bibliographical references and index. |
| 650 ## - SUBJECT ADDED ENTRY--TOPICAL TERM | |
| Topical term or geographic name entry element | Veterinary medicine |
| 700 ## - ADDED ENTRY--PERSONAL NAME | |
| Personal name | Meredith, A.edited by Anna Meredith MA VetMB CertLAS DZooMed MRCVS Royal (Dick) School of Veterinary Susues, The University of Edinburg Hospital f0r small Animals, EasternBush Veterniary Center, Roslin, Midhothian EH25 9RG |
| Relator term | Editor |
| 700 ## - ADDED ENTRY--PERSONAL NAME | |
| Personal name | Flecknell, P. Paul Flecknell, MA VetMB PhD DLAS DipECLAM DipECVA MRCVS, Comperative Biology Center, University of Newcastle Medical School, Framlington Place, Newcastle NE2 4HH |
| Relator term | Editor |
| 942 ## - ADDED ENTRY ELEMENTS (KOHA) | |
| Source of classification or shelving scheme | Library of Congress Classification |
| Koha item type | Book |
| Withdrawn status | Lost status | Source of classification or shelving scheme | Damaged status | Not for loan | Home library | Current library | Shelving location | Total Checkouts | Full call number | Barcode | Date last seen | Copy number | Uniform Resource Identifier | Price effective from | Koha item type |
|---|---|---|---|---|---|---|---|---|---|---|---|---|---|---|---|
| Library of Congress Classification | Vet Medicine Library | Vet Medicine Library | Academic reserves/Short loan | SF 911 BSA 2006 | 33729000810965 | 08/09/2019 | 1 | https://vdoc.pub/download/bsava-manual-of-rabbit-medicine-7s4usvr2ib10 | 08/09/2019 | Book |